<?xml version="1.0" encoding="UTF-8"?>
<record
    xmlns:xsi="http://www.w3.org/2001/XMLSchema-instance"
    xsi:schemaLocation="http://www.loc.gov/MARC21/slim http://www.loc.gov/standards/marcxml/schema/MARC21slim.xsd"
    xmlns="http://www.loc.gov/MARC21/slim">

  <leader>00505nam a2200181Ia 4500</leader>
  <controlfield tag="003">STCL</controlfield>
  <controlfield tag="008">230729s9999    xx            000 0 und d</controlfield>
  <datafield tag="020" ind1=" " ind2=" ">
    <subfield code="a">9788131729700</subfield>
  </datafield>
  <datafield tag="040" ind1=" " ind2=" ">
    <subfield code="a">STCL</subfield>
    <subfield code="c">STCL</subfield>
    <subfield code="b">EN</subfield>
  </datafield>
  <datafield tag="082" ind1=" " ind2=" ">
    <subfield code="2">22</subfield>
  </datafield>
  <datafield tag="100" ind1=" " ind2=" ">
    <subfield code="a">Evans, Alan</subfield>
  </datafield>
  <datafield tag="245" ind1=" " ind2="0">
    <subfield code="a">Informatics: technology in action</subfield>
  </datafield>
  <datafield tag="260" ind1=" " ind2=" ">
    <subfield code="b">Pearson</subfield>
    <subfield code="a">Noida</subfield>
    <subfield code="c">2011</subfield>
  </datafield>
  <datafield tag="365" ind1=" " ind2=" ">
    <subfield code="b">195</subfield>
  </datafield>
  <datafield tag="546" ind1=" " ind2=" ">
    <subfield code="a">English</subfield>
  </datafield>
  <datafield tag="700" ind1=" " ind2=" ">
    <subfield code="a">Lamport, Leslie; Etter, Dolores; George, Darren; Laudon, Kenneth C; Rogers, Gary; Handel, Rainer</subfield>
  </datafield>
  <datafield tag="942" ind1=" " ind2=" ">
    <subfield code="2">DDC</subfield>
    <subfield code="e">22</subfield>
    <subfield code="c">BK</subfield>
  </datafield>
  <datafield tag="999" ind1=" " ind2=" ">
    <subfield code="c">90065</subfield>
    <subfield code="d">90065</subfield>
  </datafield>
  <datafield tag="952" ind1=" " ind2=" ">
    <subfield code="0">0</subfield>
    <subfield code="1">0</subfield>
    <subfield code="2">DDC</subfield>
    <subfield code="4">0</subfield>
    <subfield code="7">0</subfield>
    <subfield code="a">STCAL</subfield>
    <subfield code="b">STCAL</subfield>
    <subfield code="c">GEN</subfield>
    <subfield code="d">2023-07-29</subfield>
    <subfield code="l">0</subfield>
    <subfield code="o">004 EVA-I</subfield>
    <subfield code="p">J00529</subfield>
    <subfield code="r">2023-07-29 00:00:00</subfield>
    <subfield code="w">2023-07-29</subfield>
    <subfield code="y">BK</subfield>
  </datafield>
  <datafield tag="952" ind1=" " ind2=" ">
    <subfield code="0">0</subfield>
    <subfield code="1">0</subfield>
    <subfield code="2">DDC</subfield>
    <subfield code="4">0</subfield>
    <subfield code="7">0</subfield>
    <subfield code="a">STCAL</subfield>
    <subfield code="b">STCAL</subfield>
    <subfield code="c">GEN</subfield>
    <subfield code="d">2023-07-29</subfield>
    <subfield code="l">0</subfield>
    <subfield code="o">004 EVA-I</subfield>
    <subfield code="p">J00530</subfield>
    <subfield code="r">2023-07-29 00:00:00</subfield>
    <subfield code="w">2023-07-29</subfield>
    <subfield code="y">BK</subfield>
  </datafield>
  <datafield tag="952" ind1=" " ind2=" ">
    <subfield code="0">0</subfield>
    <subfield code="1">0</subfield>
    <subfield code="2">DDC</subfield>
    <subfield code="4">0</subfield>
    <subfield code="7">0</subfield>
    <subfield code="a">STCAL</subfield>
    <subfield code="b">STCAL</subfield>
    <subfield code="c">GEN</subfield>
    <subfield code="d">2023-07-29</subfield>
    <subfield code="l">0</subfield>
    <subfield code="o">004 EVA-I</subfield>
    <subfield code="p">J00531</subfield>
    <subfield code="r">2023-07-29 00:00:00</subfield>
    <subfield code="w">2023-07-29</subfield>
    <subfield code="y">BK</subfield>
  </datafield>
  <datafield tag="952" ind1=" " ind2=" ">
    <subfield code="0">0</subfield>
    <subfield code="1">0</subfield>
    <subfield code="2">DDC</subfield>
    <subfield code="4">0</subfield>
    <subfield code="7">0</subfield>
    <subfield code="a">STCAL</subfield>
    <subfield code="b">STCAL</subfield>
    <subfield code="c">GEN</subfield>
    <subfield code="d">2023-07-29</subfield>
    <subfield code="l">0</subfield>
    <subfield code="o">004 EVA-I</subfield>
    <subfield code="p">J00534</subfield>
    <subfield code="r">2023-07-29 00:00:00</subfield>
    <subfield code="w">2023-07-29</subfield>
    <subfield code="y">BK</subfield>
  </datafield>
  <datafield tag="952" ind1=" " ind2=" ">
    <subfield code="0">0</subfield>
    <subfield code="1">0</subfield>
    <subfield code="2">DDC</subfield>
    <subfield code="4">0</subfield>
    <subfield code="7">0</subfield>
    <subfield code="a">STCAL</subfield>
    <subfield code="b">STCAL</subfield>
    <subfield code="c">GEN</subfield>
    <subfield code="d">2023-07-29</subfield>
    <subfield code="l">0</subfield>
    <subfield code="o">004 EVA-I</subfield>
    <subfield code="p">J00548</subfield>
    <subfield code="r">2023-07-29 00:00:00</subfield>
    <subfield code="w">2023-07-29</subfield>
    <subfield code="y">BK</subfield>
  </datafield>
  <datafield tag="952" ind1=" " ind2=" ">
    <subfield code="0">0</subfield>
    <subfield code="1">0</subfield>
    <subfield code="2">DDC</subfield>
    <subfield code="4">0</subfield>
    <subfield code="7">0</subfield>
    <subfield code="a">STCAL</subfield>
    <subfield code="b">STCAL</subfield>
    <subfield code="c">GEN</subfield>
    <subfield code="d">2023-07-29</subfield>
    <subfield code="l">0</subfield>
    <subfield code="o">004 EVA-I</subfield>
    <subfield code="p">J00549</subfield>
    <subfield code="r">2023-07-29 00:00:00</subfield>
    <subfield code="w">2023-07-29</subfield>
    <subfield code="y">BK</subfield>
  </datafield>
  <datafield tag="952" ind1=" " ind2=" ">
    <subfield code="0">0</subfield>
    <subfield code="1">0</subfield>
    <subfield code="2">DDC</subfield>
    <subfield code="4">0</subfield>
    <subfield code="7">0</subfield>
    <subfield code="a">STCAL</subfield>
    <subfield code="b">STCAL</subfield>
    <subfield code="c">GEN</subfield>
    <subfield code="d">2023-07-29</subfield>
    <subfield code="l">0</subfield>
    <subfield code="o">004 EVA-I</subfield>
    <subfield code="p">J00583</subfield>
    <subfield code="r">2023-07-29 00:00:00</subfield>
    <subfield code="w">2023-07-29</subfield>
    <subfield code="y">BK</subfield>
  </datafield>
  <datafield tag="952" ind1=" " ind2=" ">
    <subfield code="0">0</subfield>
    <subfield code="1">0</subfield>
    <subfield code="2">DDC</subfield>
    <subfield code="4">0</subfield>
    <subfield code="7">0</subfield>
    <subfield code="a">STCAL</subfield>
    <subfield code="b">STCAL</subfield>
    <subfield code="c">GEN</subfield>
    <subfield code="d">2023-07-29</subfield>
    <subfield code="l">0</subfield>
    <subfield code="o">004 EVA-I</subfield>
    <subfield code="p">J00584</subfield>
    <subfield code="r">2023-07-29 00:00:00</subfield>
    <subfield code="w">2023-07-29</subfield>
    <subfield code="y">BK</subfield>
  </datafield>
  <datafield tag="952" ind1=" " ind2=" ">
    <subfield code="0">0</subfield>
    <subfield code="1">0</subfield>
    <subfield code="2">DDC</subfield>
    <subfield code="4">0</subfield>
    <subfield code="7">0</subfield>
    <subfield code="a">STCAL</subfield>
    <subfield code="b">STCAL</subfield>
    <subfield code="c">GEN</subfield>
    <subfield code="d">2023-07-29</subfield>
    <subfield code="l">0</subfield>
    <subfield code="o">004 EVA-I</subfield>
    <subfield code="p">J00585</subfield>
    <subfield code="r">2023-07-29 00:00:00</subfield>
    <subfield code="w">2023-07-29</subfield>
    <subfield code="y">BK</subfield>
  </datafield>
  <datafield tag="952" ind1=" " ind2=" ">
    <subfield code="0">0</subfield>
    <subfield code="1">0</subfield>
    <subfield code="2">DDC</subfield>
    <subfield code="4">0</subfield>
    <subfield code="7">0</subfield>
    <subfield code="a">STCAL</subfield>
    <subfield code="b">STCAL</subfield>
    <subfield code="c">GEN</subfield>
    <subfield code="d">2023-07-29</subfield>
    <subfield code="l">0</subfield>
    <subfield code="o">004 EVA-I</subfield>
    <subfield code="p">J00586</subfield>
    <subfield code="r">2023-07-29 00:00:00</subfield>
    <subfield code="w">2023-07-29</subfield>
    <subfield code="y">BK</subfield>
  </datafield>
  <datafield tag="952" ind1=" " ind2=" ">
    <subfield code="0">0</subfield>
    <subfield code="1">0</subfield>
    <subfield code="2">DDC</subfield>
    <subfield code="4">0</subfield>
    <subfield code="7">0</subfield>
    <subfield code="a">STCAL</subfield>
    <subfield code="b">STCAL</subfield>
    <subfield code="c">GEN</subfield>
    <subfield code="d">2023-07-29</subfield>
    <subfield code="l">0</subfield>
    <subfield code="o">004 EVA-I</subfield>
    <subfield code="p">J00587</subfield>
    <subfield code="r">2023-07-29 00:00:00</subfield>
    <subfield code="w">2023-07-29</subfield>
    <subfield code="y">BK</subfield>
  </datafield>
  <datafield tag="952" ind1=" " ind2=" ">
    <subfield code="0">0</subfield>
    <subfield code="1">0</subfield>
    <subfield code="2">DDC</subfield>
    <subfield code="4">0</subfield>
    <subfield code="7">0</subfield>
    <subfield code="a">STCAL</subfield>
    <subfield code="b">STCAL</subfield>
    <subfield code="c">GEN</subfield>
    <subfield code="d">2023-07-29</subfield>
    <subfield code="l">0</subfield>
    <subfield code="o">004 EVA-I</subfield>
    <subfield code="p">J00588</subfield>
    <subfield code="r">2023-07-29 00:00:00</subfield>
    <subfield code="w">2023-07-29</subfield>
    <subfield code="y">BK</subfield>
  </datafield>
  <datafield tag="952" ind1=" " ind2=" ">
    <subfield code="0">0</subfield>
    <subfield code="1">0</subfield>
    <subfield code="2">DDC</subfield>
    <subfield code="4">0</subfield>
    <subfield code="7">0</subfield>
    <subfield code="a">STCAL</subfield>
    <subfield code="b">STCAL</subfield>
    <subfield code="c">GEN</subfield>
    <subfield code="d">2023-07-29</subfield>
    <subfield code="l">0</subfield>
    <subfield code="o">004 EVA-I</subfield>
    <subfield code="p">J00589</subfield>
    <subfield code="r">2023-07-29 00:00:00</subfield>
    <subfield code="w">2023-07-29</subfield>
    <subfield code="y">BK</subfield>
  </datafield>
</record>
